| 000 | 00720aam a2200289 4500 | ||
|---|---|---|---|
| 005 | 20230824104901.0 | ||
| 008 | 150720s2006 xxu||||| |||| 00| 0 spa d | ||
| 020 | _a9684182767 | ||
| 041 | _aESP | ||
| 082 | _a465 P258g | ||
| 100 | _aParra, Haydée de | ||
| 245 | _aLa gramática y sus componentes | ||
| 260 | _aMéxico | ||
| 260 | _bEdiciones Culturales Internacionales | ||
| 260 | _c2006 | ||
| 300 | _a142 páginas | ||
| 505 | _aTomo No. 1 | ||
| 650 | _aESPAÑOL | ||
| 650 | _aGRAMÁTICA | ||
| 650 |
_aSUSTANTIVO _915654 |
||
| 650 |
_aPRONOMBRES _915655 |
||
| 650 |
_aADJETIVOS _915656 |
||
| 650 |
_aADVERBIO _915657 |
||
| 650 |
_aARTÍCULOS _915658 |
||
| 650 |
_aCONTRACCIONES _915659 |
||
| 942 | _cBK | ||
| 999 |
_c1956 _d1956 |
||